000 01378nam a22001577a 4500
041 _aukr
080 _a09
090 _bКОЛ
100 _aКоломієць Н. М.
245 _aПрагматична спрямованість англомовної реклами компанії "Шанель" в Інтернеті
260 _aОстрог
_bКАФ
_c2007
300 _a55
520 _aВступ. Розділ 1. Роль англомовної реклами в Інтернеті. 1.1. Види рекламних кампаній в Мережі. 1.2. Критерії визначення відвідуваності та ефективності реклами в Інтернеті. 1.3. Семантичні особливостірекламної комунікації. Розділ 2. Прагматичні особливості рекламних повідомлень на прикладі компанії "Шанель". 2.1. Лексичні особливості рекламних текстів. 2.2. Стилістичні особливості рекламних повідомлень. 2.3. Вплив соціальних факторів на прагматичну спрямованість англомовної реклами. Висновки.
_0реклама, інтернет
650 _aResearch Papers
999 _c283983
_d283983
942 _cBK